<?xml version="1.0" encoding="UTF-8"?>
<record
    xmlns:xsi="http://www.w3.org/2001/XMLSchema-instance"
    xsi:schemaLocation="http://www.loc.gov/MARC21/slim http://www.loc.gov/standards/marcxml/schema/MARC21slim.xsd"
    xmlns="http://www.loc.gov/MARC21/slim">

  <leader>02414nam a2200325Ka 4500</leader>
  <controlfield tag="001">000007698</controlfield>
  <controlfield tag="003">OCoLC</controlfield>
  <controlfield tag="005">20200929154251.0</controlfield>
  <controlfield tag="008">090907s1990    sp ac         001 0 spa d</controlfield>
  <datafield tag="020" ind1=" " ind2=" ">
    <subfield code="z">8401612755</subfield>
  </datafield>
  <datafield tag="020" ind1=" " ind2=" ">
    <subfield code="a">9788401612756</subfield>
  </datafield>
  <datafield tag="020" ind1=" " ind2=" ">
    <subfield code="a">8401612756</subfield>
  </datafield>
  <datafield tag="035" ind1=" " ind2=" ">
    <subfield code="a">(OCoLC)436000165</subfield>
  </datafield>
  <datafield tag="040" ind1=" " ind2=" ">
    <subfield code="a">DO-SdBNP</subfield>
    <subfield code="b">spa</subfield>
    <subfield code="c">BNPHU</subfield>
  </datafield>
  <datafield tag="082" ind1=" " ind2=" ">
    <subfield code="a">R972</subfield>
    <subfield code="b">C951a</subfield>
  </datafield>
  <datafield tag="245" ind1="0" ind2="0">
    <subfield code="a">Cr&#xF3;nica de Am&#xE9;rica /</subfield>
    <subfield code="c">direcci&#xF3;n Guillem Burrel i Floria ; redacci&#xF3;n Xavier Sanmart&#xED; Roset ; pr&#xF3;logo Manuel Lucena Salmoral.</subfield>
  </datafield>
  <datafield tag="260" ind1=" " ind2=" ">
    <subfield code="a">Esplugues de Llobregat, [Barcelona] :</subfield>
    <subfield code="b">Quinto centenario</subfield>
    <subfield code="b">Plaza &amp; Jan&#xE9;s Editores,</subfield>
    <subfield code="c">1990.</subfield>
  </datafield>
  <datafield tag="300" ind1=" " ind2=" ">
    <subfield code="a">763 p. :</subfield>
    <subfield code="b">il ;</subfield>
    <subfield code="c">30 cm.</subfield>
  </datafield>
  <datafield tag="500" ind1=" " ind2=" ">
    <subfield code="a">Incluye ap&#xE9;ndices de gobernadores y presidentes de los pa&#xED;ses de Am&#xE9;rica</subfield>
  </datafield>
  <datafield tag="500" ind1=" " ind2=" ">
    <subfield code="a">Incluye &#xED;ndice</subfield>
  </datafield>
  <datafield tag="505" ind1="2" ind2=" ">
    <subfield code="a">Cr&#xF3;nica del a&#xF1;o 3.900 al 1301 a de C - La consolidaci&#xF3;n de las culturas americanas del 3000 a de C al 300 d de C - Cr&#xF3;nica de a&#xF1;o 1300 a de C al 299 de C - Del esplendor a la ruina de las civilizaciones americanas del 300 d de C al 1525 - Cr&#xF3;nica del a&#xF1;o 300 d de C al 1490 - El ciclo colombino del 1492 al 1506 - Cr&#xF3;nica del a&#xF1;o 1490 al 1509 - Los grandes descubrimientos y conquistas del 1506 al 1550 - Cr&#xF3;nica del a&#xF1;o 1510 al 1549 - La configuraci&#xF3;n de la Am&#xE9;rica hispanoportuguesa del 1550 al 1600 - Cr&#xF3;nica del a&#xF1;o 1550 al 1599 - El siglo XVII o la proliferaci&#xF3;n de colonizaciones europeas del 1600 al 1699 - Cr&#xF3;nica del a&#xF1;o 1600 al 1699 - Am&#xE9;rica en el siglo de la ilustraci&#xF3;n del 1700 al 1808 - Cr&#xF3;nica del a&#xF1;o 1700 al 1807 - Las nuevas rep&#xFA;blicas, dos modelos de desarrollo del 1808 al 1850 - Cr&#xF3;nica del a&#xF1;o 1808 al 1824 - Cr&#xF3;nica del a&#xF1;o 1825 al 1849 - Am&#xE9;rica Latina en la divisi&#xF3;n internacional del trabajo del 1850 al 1929 - Cr&#xF3;nica del a&#xF1;o 1850 al 1879 - Cr&#xF3;nica del a&#xF1;o 1880 al 1928 - Desarrollo y dependencia del 1929 al 1959 - Cr&#xF3;nica del a&#xF1;o 1929 al 1959 - Desarrollo e independencia desde 1960 - Cr&#xF3;nica del a&#xF1;o 1960 al 1989 - Gobernadores - Presidentes - Biograf&#xED;as - &#xCD;ndice.</subfield>
  </datafield>
  <datafield tag="651" ind1=" " ind2="4">
    <subfield code="a">Am&#xE9;rica</subfield>
    <subfield code="x">Historia</subfield>
    <subfield code="x">Cronolog&#xED;a</subfield>
    <subfield code="9">21351</subfield>
  </datafield>
  <datafield tag="651" ind1=" " ind2="4">
    <subfield code="a">Am&#xE9;rica</subfield>
    <subfield code="x">Historiograf&#xED;a</subfield>
    <subfield code="x">Cronolog&#xED;a</subfield>
    <subfield code="9">21352</subfield>
  </datafield>
  <datafield tag="700" ind1="1" ind2=" ">
    <subfield code="a">Burrel i Florida, Guillem</subfield>
    <subfield code="9">21353</subfield>
  </datafield>
  <datafield tag="700" ind1="1" ind2=" ">
    <subfield code="a">Sanmart&#xED; Roset , Xavier</subfield>
    <subfield code="9">21354</subfield>
  </datafield>
  <datafield tag="700" ind1="1" ind2=" ">
    <subfield code="a">Lucena Salmoral, Manuel</subfield>
    <subfield code="e">pr&#xF3;l.</subfield>
    <subfield code="9">18070</subfield>
  </datafield>
  <datafield tag="910" ind1=" " ind2=" ">
    <subfield code="a">Validado. Control de calidad BNPHU</subfield>
  </datafield>
  <datafield tag="952" ind1=" " ind2=" ">
    <subfield code="0">0</subfield>
    <subfield code="1">0</subfield>
    <subfield code="5">4</subfield>
    <subfield code="7">0</subfield>
    <subfield code="8">MO</subfield>
    <subfield code="a">GR</subfield>
    <subfield code="b">GR</subfield>
    <subfield code="c">CT</subfield>
    <subfield code="d">2010-03-25</subfield>
    <subfield code="i">LF1</subfield>
    <subfield code="l">0</subfield>
    <subfield code="o">R972 C951a</subfield>
    <subfield code="p">7698-10</subfield>
    <subfield code="r">2020-06-25</subfield>
    <subfield code="w">2020-06-25</subfield>
    <subfield code="y">4</subfield>
    <subfield code="Z">Pr&#xE9;stamo en sala</subfield>
  </datafield>
  <datafield tag="994" ind1=" " ind2=" ">
    <subfield code="a">C0</subfield>
    <subfield code="b">BNPHU</subfield>
  </datafield>
  <datafield tag="999" ind1="9" ind2="9">
    <subfield code="a">1 </subfield>
    <subfield code="n">0000354</subfield>
    <subfield code="c">7477</subfield>
    <subfield code="d">7477</subfield>
  </datafield>
  <datafield tag="049" ind1=" " ind2=" ">
    <subfield code="a">BNPD</subfield>
    <subfield code="c">1[002031]</subfield>
  </datafield>
</record>
